[Event "IX Torneo Leonardo di Bona A"]
[Site "Cutro ITA"]
[Date "2003.04.27"]
[Round "5"]
[White "Calzetta Ruiz, Monica"]
[Black "Mrdja, Milan"]
[Result "1/2-1/2"]
[WhiteElo "2253"]
[BlackElo "2353"]
[PlyCount "105"]
[EventDate "2003.04.23"]

1. e4 c5 2. Nf3 d6 3. d4 cxd4 4. Nxd4 Nf6 5. Nc3 a6 6. Be3 Ng4 7. Bc1 Nc6 8. h3
Nf6 9. Be3 e6 10. f4 d5 11. e5 Nd7 12. Qg4 Nxd4 13. Bxd4 Nb8 14. O-O-O g6 15.
Bf2 Bd7 16. Kb1 Nc6 17. Qf3 Qa5 18. g4 O-O-O 19. Bg2 Bc5 20. Nxd5 Bxf2 21. Ne7+
Kb8 22. Nxc6+ Bxc6 23. Qxf2 Rxd1+ 24. Rxd1 Rd8 25. Rxd8+ Qxd8 26. a3 Qd1+ 27.
Ka2 Bd5+ 28. Bxd5 Qxd5+ 29. b3 Qe4 30. Qd2 Ka7 31. Kb2 g5 32. Qf2+ Kb8 33. fxg5
Qxe5+ 34. Ka2 Qxg5 35. Qxf7 Qg6 36. Qf8+ Ka7 37. Qc8 Qf6 38. Qc4 e5 39. Qd3 Qf4
40. Qxh7 e4 41. Qg7 Qd2 42. Kb2 e3 43. Qc3 Qf2 44. Qd4+ Ka8 45. Qd8+ Ka7 46.
Qd4+ Ka8 47. g5 Qg3 48. Qd8+ Ka7 49. Qe7 Qxh3 50. g6 Qg3 51. Qc5+ Ka8 52. Qc8+
Ka7 53. Qc5+ 1/2-1/2

[Event "IX Torneo Leonardo di Bona A"]
[Site "Cutro ITA"]
[Date "2003.04.27"]
[Round "5"]
[White "Chatalbashev, Boris"]
[Black "Aleksieva, Silvia"]
[Result "0-1"]
[WhiteElo "2525"]
[BlackElo "2348"]
[PlyCount "136"]
[EventDate "2003.04.23"]

1. d4 e6 2. c4 Nf6 3. Nf3 b6 4. e3 Bb7 5. Nc3 d5 6. cxd5 exd5 7. Bb5+ c6 8. Bd3
Be7 9. O-O O-O 10. Ne5 c5 11. Qf3 Nc6 12. Rd1 Bd6 13. Ng4 Nxg4 14. Qxg4 Ne7 15.
dxc5 bxc5 16. e4 dxe4 17. Bc4 Ng6 18. Bd5 Bxd5 19. Rxd5 Qb8 20. h4 Be5 21. h5
Ne7 22. Rxc5 f5 23. Qe2 Qd6 24. Qc4+ Kh8 25. Bg5 Bxc3 26. Qxc3 h6 27. Bxe7 Qxe7
28. Rc6 Kh7 29. Re1 Rad8 30. f3 Qh4 31. Rc5 Rf6 32. Rf1 Rd3 33. Qc4 Qxh5 34.
Rc8 Qf7 35. Qxf7 Rxf7 36. fxe4 f4 37. e5 Re3 38. Re8 Rf5 39. e6 Re2 40. g4 Rf6
41. Rf2 f3 42. e7 Kg6 43. Kf1 Ree6 44. Rc2 Kg5 45. Kf2 Rf4 46. Kg3 Rxg4+ 47.
Kxf3 Rf4+ 48. Kg2 Rfe4 49. Rc7 Kg4 50. Rf8 Rxe7 51. Rf7 Re2+ 52. Kf1 Re1+ 53.
Kg2 Rxf7 54. Rxf7 g5 55. Kf2 Rc1 56. Rxa7 Rc2+ 57. Ke3 Rxb2 58. a4 h5 59. a5
Ra2 60. a6 Kg3 61. Rg7 g4 62. a7 h4 63. Ke4 h3 64. Rb7 h2 65. Rb3+ Kh4 66. Rb1
Rxa7 67. Kf4 Rf7+ 68. Ke4 g3 0-1

[Event "IX Torneo Leonardo di Bona A"]
[Site "Cutro ITA"]
[Date "2003.04.27"]
[Round "5"]
[White "Collas, Didier"]
[Black "Genov, Petar"]
[Result "1/2-1/2"]
[WhiteElo "2424"]
[BlackElo "2490"]
[PlyCount "120"]
[EventDate "2003.04.23"]

1. d4 Nf6 2. c4 e6 3. Nc3 Bb4 4. Qc2 c5 5. dxc5 Qc7 6. a3 Bxc5 7. b4 Be7 8. Nb5
Qc6 9. Nf3 d6 10. Nfd4 Qb6 11. Be3 Qd8 12. Bg5 a6 13. Nc3 O-O 14. e3 b6 15. Be2
Bb7 16. O-O Nbd7 17. Rac1 Rc8 18. Qb1 Rc7 19. Na4 Qa8 20. f3 Qa7 21. Rc2 Rfc8
22. Rfc1 Ne5 23. Bh4 Ba8 24. Bf2 Nfd7 25. Qb3 h6 26. Bf1 Ng6 27. Qd3 Nde5 28.
Qe2 Nd7 29. Qd2 Qb7 30. Nc3 Nge5 31. Ne4 Qa7 32. Ng3 Nc6 33. Nb3 Nf6 34. e4 Ne5
35. Be3 Bc6 36. Nd4 Ba4 37. Rc3 Qb7 38. h3 Bf8 39. Be2 Bd7 40. Nf1 Qb8 41. Nh2
Ba4 42. Ng4 Nfd7 43. Nf2 Nc6 44. Ng4 Nce5 45. Nf2 Nf6 46. Ng4 Nfxg4 47. hxg4
Bd7 48. Bd1 Qb7 49. Be2 Ng6 50. Nb3 Ba4 51. Nd4 Be7 52. g5 hxg5 53. Bxg5 Bxg5
54. Qxg5 Bd7 55. Qd2 e5 56. Nc2 Be6 57. Ne3 Rc6 58. Bf1 Qa7 59. g3 Qe7 60. Nd5
Qd8 1/2-1/2

[Event "IX Torneo Leonardo di Bona A"]
[Site "Cutro ITA"]
[Date "2003.04.27"]
[Round "5"]
[White "Drasko, Milan"]
[Black "Abatino, Maurizio"]
[Result "1-0"]
[WhiteElo "2491"]
[BlackElo "2228"]
[PlyCount "97"]
[EventDate "2003.04.23"]

1. d4 Nf6 2. c4 e6 3. Nc3 Bb4 4. Qc2 O-O 5. a3 Bxc3+ 6. Qxc3 b6 7. Bg5 Bb7 8.
e3 d6 9. f3 Nbd7 10. Nh3 Rc8 11. e4 e5 12. Be2 h6 13. Be3 Qe7 14. O-O Nh7 15.
d5 f5 16. exf5 Rxf5 17. Bd3 Rh5 18. Qc2 Nhf8 19. Bf5 c6 20. dxc6 Bxc6 21. Rad1
Ba4 22. Qxa4 Rxf5 23. Nf2 Ne6 24. Qxa7 Rxc4 25. Qa8+ Rf8 26. Qd5 Rc2 27. Qxd6
Rf7 28. Qxe7 Rxe7 29. Rd2 Rxd2 30. Bxd2 Nd4 31. Re1 Nc5 32. Bc3 Nc6 33. Ne4 Ne6
34. Kf2 Rd7 35. Re2 Kf7 36. Rd2 Ncd4 37. Bb4 Nf4 38. g3 Nd5 39. Bc3 Nc6 40. Rd3
Ke6 41. h4 Ra7 42. h5 Na5 43. Bxa5 Rxa5 44. Rb3 Ra7 45. Nc3 Nxc3 46. Rxc3 Kd5
47. Ke3 Rf7 48. Rd3+ Kc5 49. Ke4 1-0

[Event "IX Torneo Leonardo di Bona A"]
[Site "Cutro ITA"]
[Date "2003.04.27"]
[Round "5"]
[White "Estremera Panos, Sergio"]
[Black "Palac, Mladen"]
[Result "1/2-1/2"]
[WhiteElo "2370"]
[BlackElo "2587"]
[PlyCount "40"]
[EventDate "2003.04.23"]

1. d4 Nf6 2. c4 e6 3. Nf3 b6 4. g3 Ba6 5. Qb3 Nc6 6. Nbd2 Na5 7. Qc3 c5 8. dxc5
bxc5 9. e4 Bb7 10. e5 Ne4 11. Nxe4 Bxe4 12. Bg2 Nc6 13. O-O Be7 14. Qe3 Bg6 15.
Bd2 O-O 16. Bc3 Qc7 17. Rad1 Rab8 18. Rd2 Rfd8 19. Rfd1 a5 20. Nh4 Bh5 1/2-1/2

[Event "IX Torneo Leonardo di Bona A"]
[Site "Cutro ITA"]
[Date "2003.04.27"]
[Round "5"]
[White "Ivanov, Jordan"]
[Black "Voiska, Margarita"]
[Result "1-0"]
[WhiteElo "2432"]
[BlackElo "2354"]
[PlyCount "63"]
[EventDate "2003.04.23"]

1. d4 d5 2. c4 c6 3. e3 Nf6 4. Nf3 a6 5. Bd3 g6 6. O-O Bg7 7. Nbd2 O-O 8. Qc2
Nbd7 9. cxd5 Nxd5 10. a3 e5 11. dxe5 Nxe5 12. Nxe5 Bxe5 13. Nc4 Bg7 14. Bd2 Qf6
15. Rab1 Rd8 16. Kh1 c5 17. e4 Nf4 18. e5 Qg5 19. Be4 Rxd2 20. Qxd2 Bf5 21. Qe3
Re8 22. g3 Ne6 23. Bxf5 Qxe3 24. fxe3 gxf5 25. Rxf5 b5 26. Nd6 Re7 27. Ne4 Nc7
28. Nf6+ Kh8 29. Rd1 Ne6 30. Rd6 Ra7 31. Rf1 Bf8 32. Rd7 1-0

[Event "IX Torneo Leonardo di Bona A"]
[Site "Cutro ITA"]
[Date "2003.04.27"]
[Round "5"]
[White "Khenkin, Igor"]
[Black "Korneev, Oleg"]
[Result "1/2-1/2"]
[WhiteElo "2644"]
[BlackElo "2606"]
[PlyCount "85"]
[EventDate "2003.04.23"]

1. d4 d5 2. c4 e6 3. Nc3 Be7 4. cxd5 exd5 5. Bf4 Nf6 6. e3 O-O 7. Nf3 Bf5 8.
Qb3 Nc6 9. a3 Na5 10. Qa2 c5 11. dxc5 Bxc5 12. Be5 Be6 13. Rd1 d4 14. Qb1 dxe3
15. fxe3 Qb6 16. Na4 Qc6 17. Nxc5 Qxc5 18. Bd4 Qh5 19. Bd3 Nd5 20. O-O Nc6 21.
Qc1 Qh6 22. Bc5 Rfd8 23. Bb5 Rac8 24. e4 Qxc1 25. Rxc1 Nf6 26. Rfe1 a6 27. Bf1
Nd7 28. Bd6 f6 29. Red1 Nde5 30. Kf2 Kf7 31. h3 h5 32. Be2 g6 33. Kg3 Ke8 34.
Bc5 Rxd1 35. Rxd1 Rd8 36. Rxd8+ Kxd8 37. Nh4 Ke8 38. Kf2 Kf7 39. Ke3 Nc4+ 40.
Bxc4 Bxc4 41. Nf3 Bb3 42. Nd2 Be6 43. Bd6 1/2-1/2

[Event "IX Torneo Leonardo di Bona A"]
[Site "Cutro ITA"]
[Date "2003.04.27"]
[Round "5"]
[White "Naumkin, Igor"]
[Black "Gangemi, Salvatore"]
[Result "1-0"]
[WhiteElo "2431"]
[BlackElo "2049"]
[PlyCount "63"]
[EventDate "2003.04.23"]

1. d4 Nf6 2. Nf3 d5 3. c4 e6 4. Nc3 dxc4 5. e4 a6 6. Bxc4 b5 7. Bd3 Bb7 8. Qe2
Be7 9. O-O O-O 10. Bg5 Re8 11. Rad1 c6 12. Bxf6 Bxf6 13. e5 Be7 14. Qe4 g6 15.
Qg4 Nd7 16. Be4 Ra7 17. h4 Bf8 18. a3 f5 19. exf6 Nxf6 20. Qf4 Nxe4 21. Nxe4
Bg7 22. h5 gxh5 23. Rfe1 Bc8 24. Qh2 Qd5 25. Ne5 Rf8 26. Qxh5 Bxe5 27. dxe5 Qb3
28. Rd8 Rxd8 29. Qg5+ Kf7 30. Qxd8 Bd7 31. Nd6+ Kg6 32. Qf6+ 1-0

[Event "IX Torneo Leonardo di Bona A"]
[Site "Cutro ITA"]
[Date "2003.04.27"]
[Round "5"]
[White "Oratovsky, Michael"]
[Black "Miladinovic, Igor"]
[Result "1/2-1/2"]
[WhiteElo "2587"]
[BlackElo "2533"]
[PlyCount "23"]
[EventDate "2003.04.23"]

1. Nf3 d5 2. d4 Bf5 3. c4 e6 4. Nc3 Nc6 5. a3 Nf6 6. Bg5 Be7 7. e3 Ne4 8. Bxe7
Nxe7 9. Rc1 c6 10. Nxe4 Bxe4 11. Be2 O-O 12. O-O 1/2-1/2

[Event "IX Torneo Leonardo di Bona A"]
[Site "Cutro ITA"]
[Date "2003.04.27"]
[Round "5"]
[White "Sautto, Alessandra"]
[Black "Scerbo, Antonio"]
[Result "1/2-1/2"]
[WhiteElo "1993"]
[BlackElo "2092"]
[PlyCount "95"]
[EventDate "2003.04.23"]

1. d4 Nf6 2. Nf3 g6 3. Nbd2 Bg7 4. e4 d6 5. Bd3 O-O 6. O-O Nbd7 7. c3 Nh5 8.
Nb3 e5 9. dxe5 dxe5 10. Qe2 Qe7 11. Be3 f5 12. exf5 gxf5 13. Bc4+ Kh8 14. Ng5
Ndf6 15. Bc5 Qe8 16. Bxf8 Bxf8 17. Bf7 Nf4 18. Qd2 Qc6 19. f3 h6 20. g3 hxg5
21. gxf4 exf4 22. Rad1 Bd6 23. Qd4 Kg7 24. Bd5 Qe8 25. Rde1 Qh5 26. Be6 Bxe6
27. Rxe6 Qh6 28. c4 Rh8 29. Rf2 b6 30. c5 bxc5 31. Nxc5 Kf7 32. Qc4 Kg7 33. Nd7
Rf8 34. Nxf8 Kxf8 35. Qd4 Kf7 36. Rfe2 g4 37. fxg4 fxg4 38. Qxa7 f3 39. Rxd6
Qc1+ 40. Kf2 fxe2 41. Rxf6+ Kxf6 42. Qa6+ Kg5 43. Qxe2 Qf4+ 44. Kg2 Qd4 45.
Qe7+ Kf5 46. Qf7+ Kg5 47. Qg8+ Kf5 48. Qf7+ 1/2-1/2

[Event "IX Torneo Leonardo di Bona A"]
[Site "Cutro ITA"]
[Date "2003.04.27"]
[Round "5"]
[White "Skembris, Spyridon"]
[Black "Lazic, Miroljub"]
[Result "1/2-1/2"]
[WhiteElo "2448"]
[BlackElo "2508"]
[PlyCount "36"]
[EventDate "2003.04.23"]

1. d4 d6 2. e4 Nf6 3. Nc3 c6 4. h3 Qa5 5. Bd3 e5 6. Nf3 Be7 7. O-O O-O 8. Be3
Nbd7 9. Qd2 Qc7 10. a4 Re8 11. a5 Nf8 12. Rfe1 h6 13. dxe5 dxe5 14. Ne2 Be6 15.
Qc3 N8d7 16. Ng3 Bf8 17. Bc4 Bxc4 18. Qxc4 b5 1/2-1/2

[Event "IX Torneo Leonardo di Bona A"]
[Site "Cutro ITA"]
[Date "2003.04.27"]
[Round "5"]
[White "Zelcic, Robert"]
[Black "Georgiev, Vladimir"]
[Result "1-0"]
[WhiteElo "2540"]
[BlackElo "2552"]
[PlyCount "67"]
[EventDate "2003.04.23"]

1. e4 d6 2. d4 Nf6 3. Nc3 e5 4. Nf3 Nbd7 5. Bc4 Be7 6. O-O O-O 7. Re1 c6 8. a4
b6 9. h3 a6 10. Ba2 Rb8 11. Qe2 b5 12. axb5 axb5 13. Rd1 Qc7 14. Bg5 b4 15. Na4
Ra8 16. dxe5 dxe5 17. Bc4 h6 18. Bh4 Bb7 19. b3 c5 20. Bb5 Rfd8 21. Qe3 Nf8 22.
Bxf6 Bxf6 23. Nxc5 Rxd1+ 24. Rxd1 Bc8 25. Bc4 Ra2 26. Nd3 Qa5 27. Qd2 Bb7 28.
Qxb4 Qxb4 29. Nxb4 Rb2 30. Bd5 Bxd5 31. exd5 Nd7 32. d6 Bd8 33. Ra1 Bb6 34. Nd2
1-0

[Event "IX Torneo Leonardo di Bona A"]
[Site "Cutro ITA"]
[Date "2003.04.28"]
[Round "6"]
[White "Aleksieva, Silvia"]
[Black "Lazic, Miroljub"]
[Result "1/2-1/2"]
[WhiteElo "2348"]
[BlackElo "2508"]
[PlyCount "82"]
[EventDate "2003.04.23"]

1. d4 d5 2. c4 e6 3. Nf3 c6 4. Qc2 Nf6 5. Bg5 Nbd7 6. e3 Be7 7. Nc3 O-O 8. Rd1
h6 9. Bh4 b6 10. a3 Bb7 11. Be2 Rc8 12. e4 dxe4 13. Nxe4 c5 14. Bxf6 Bxe4 15.
Qxe4 Bxf6 16. O-O Qc7 17. b4 Rfd8 18. Rfe1 a6 19. Bf1 cxd4 20. Nxd4 Ne5 21. Nb3
Rxd1 22. Rxd1 Nxc4 23. Rc1 b5 24. a4 Qd6 25. axb5 axb5 26. Na5 Qd5 27. Qe2 Bd4
28. Nxc4 bxc4 29. Rxc4 Rb8 30. Qc2 e5 31. Rc8+ Rxc8 32. Qxc8+ Kh7 33. b5 g6 34.
Qc4 Qd7 35. Qc6 Qa7 36. Qc2 Kg7 37. g3 Qb6 38. Qe2 Qd6 39. Bg2 h5 40. h4 Qc5
41. Bc6 Qd6 1/2-1/2

[Event "IX Torneo Leonardo di Bona A"]
[Site "Cutro ITA"]
[Date "2003.04.28"]
[Round "6"]
[White "Andonov, Bogomil"]
[Black "Skembris, Spyridon"]
[Result "0-1"]
[WhiteElo "2290"]
[BlackElo "2448"]
[PlyCount "78"]
[EventDate "2003.04.23"]

1. Nf3 d5 2. c4 d4 3. g3 g6 4. Bg2 Bg7 5. d3 e5 6. O-O Ne7 7. b4 a5 8. b5 c5 9.
bxc6 Nbxc6 10. a4 O-O 11. Ba3 Nb4 12. Ne1 Re8 13. Nc2 Nec6 14. Bxb4 axb4 15.
Nd2 Bf8 16. Nb3 Bg4 17. Qd2 Ra7 18. Rfb1 Qa8 19. a5 Rb8 20. e3 Nxa5 21. Nxa5
Rxa5 22. exd4 Ra2 23. Qc1 exd4 24. Nxb4 Bxb4 25. Rxa2 Qxa2 26. Rxb4 Bf5 27. Bd5
Qe2 28. Qf4 Ra8 29. Kg2 Ra1 30. g4 Qf1+ 31. Kg3 Qxd3+ 32. Kh4 Rg1 33. Bxf7+ Kg7
34. h3 Qe4 35. Qxe4 Bxe4 36. Bd5 Bc2 37. Rxb7+ Kf6 38. f4 Rxg4+ 39. Kxg4 39...
Bf5+ $138 0-1

[Event "IX Torneo Leonardo di Bona A"]
[Site "Cutro ITA"]
[Date "2003.04.28"]
[Round "6"]
[White "Blasco, Domenico"]
[Black "Trabert, Bettina"]
[Result "0-1"]
[WhiteElo "2053"]
[BlackElo "2292"]
[PlyCount "94"]
[EventDate "2003.04.23"]

1. Nf3 d5 2. g3 Bg4 3. Bg2 Nd7 4. d3 e6 5. O-O c6 6. Nbd2 Bd6 7. Qe1 Ne7 8. e4
O-O 9. h3 Bh5 10. Nh4 Re8 11. Kh1 Nf8 12. f4 f6 13. e5 Bc7 14. g4 Bf7 15. d4
Nd7 16. Bf3 c5 17. c3 cxd4 18. cxd4 Nc6 19. Nb3 fxe5 20. fxe5 a5 21. a4 Bb6 22.
Be3 Ndxe5 23. dxe5 Bxe3 24. Qxe3 Qxh4 25. Bg2 Bg6 26. Nc5 Qe7 27. Rac1 Rac8 28.
Qb3 Nb4 29. Qe3 Nc2 30. Rxc2 Bxc2 31. Nb3 Bxb3 32. Qxb3 Rf8 33. Rxf8+ Rxf8 34.
Qb6 Ra8 35. Bf1 g6 36. Be2 Rc8 37. Qxa5 Qh4 38. Kg2 Qg5 39. Qb6 Qxe5 40. Qb5
Qe3 41. Qd3 Qxd3 42. Bxd3 e5 43. Kg3 Kf7 44. g5 e4 45. Bb5 Ke6 46. Kf4 Rf8+ 47.
Ke3 Ke5 0-1

[Event "IX Torneo Leonardo di Bona A"]
[Site "Cutro ITA"]
[Date "2003.04.28"]
[Round "6"]
[White "Genov, Petar"]
[Black "Estremera Panos, Sergio"]
[Result "1/2-1/2"]
[WhiteElo "2490"]
[BlackElo "2370"]
[PlyCount "44"]
[EventDate "2003.04.23"]

1. d4 Nf6 2. c4 e6 3. Nf3 b6 4. g3 Ba6 5. b3 Bb4+ 6. Bd2 Be7 7. Nc3 O-O 8. e4
d5 9. cxd5 Bxf1 10. Kxf1 exd5 11. e5 Ne4 12. Kg2 Qd7 13. Re1 Nxc3 14. Bxc3 c5
15. Qd3 Nc6 16. Rad1 Rad8 17. Ng1 Rfe8 18. Ne2 f6 19. f4 fxe5 20. fxe5 cxd4 21.
Nxd4 Nxd4 22. Bxd4 Bc5 1/2-1/2

[Event "IX Torneo Leonardo di Bona A"]
[Site "Cutro ITA"]
[Date "2003.04.28"]
[Round "6"]
[White "Isonzo, David"]
[Black "Sautto, Alessandra"]
[Result "1-0"]
[WhiteElo "2340"]
[BlackElo "1993"]
[PlyCount "49"]
[EventDate "2003.04.23"]

1. d4 d5 2. c4 e6 3. Nc3 Nf6 4. Nf3 Be7 5. Bg5 h6 6. Bh4 O-O 7. e3 Nbd7 8. Rc1
dxc4 9. Bxc4 Nb6 10. Bd3 Nbd5 11. O-O Nxc3 12. bxc3 Nd5 13. Bg3 c6 14. Qb3 b6
15. a4 Bd7 16. a5 bxa5 17. e4 Nf6 18. c4 c5 19. d5 exd5 20. cxd5 a4 21. Qa2 a6
22. d6 Bxd6 23. Bxd6 Be6 24. Qd2 Qxd6 25. e5 1-0

[Event "IX Torneo Leonardo di Bona A"]
[Site "Cutro ITA"]
[Date "2003.04.28"]
[Round "6"]
[White "Ivanov, Jordan"]
[Black "Georgieva, Liubka"]
[Result "0-1"]
[WhiteElo "2432"]
[BlackElo "2238"]
[PlyCount "56"]
[EventDate "2003.04.23"]

1. d4 Nf6 2. c4 e6 3. Nc3 Bb4 4. g3 Ne4 5. Qd3 d5 6. a3 Bxc3+ 7. bxc3 b6 8. Bg2
Ba6 9. Bxe4 Bxc4 10. Qxc4 dxc4 11. Bxa8 c6 12. Bf4 Qd5 13. Nf3 O-O 14. O-O f6
15. Rfe1 Qd7 16. e4 Na6 17. Bxc6 Qxc6 18. d5 exd5 19. Nd4 Qd7 20. exd5 g5 21.
Bd2 Qxd5 22. Re7 Nc5 23. Rae1 a6 24. Rc7 Ne4 25. g4 f5 26. f3 Nxd2 27. Ree7 Rf7
28. Nxf5 Nxf3+ 0-1

[Event "IX Torneo Leonardo di Bona A"]
[Site "Cutro ITA"]
[Date "2003.04.28"]
[Round "6"]
[White "Janev, Evgeni"]
[Black "Khenkin, Igor"]
[Result "0-1"]
[WhiteElo "2456"]
[BlackElo "2644"]
[PlyCount "58"]
[EventDate "2003.04.23"]

1. e4 c6 2. d4 d5 3. e5 Bf5 4. Nf3 e6 5. Be2 Nd7 6. O-O Bg6 7. b3 Nh6 8. c4 Nf5
9. h3 Bb4 10. c5 O-O 11. a3 Ba5 12. Bf4 Bc7 13. b4 f6 14. Bh2 fxe5 15. dxe5 Qb8
16. g4 Nh6 17. Nd4 Bxe5 18. f4 Bxf4 19. Rxf4 Rxf4 20. Nxe6 Qe5 21. Nxf4 Qxa1
22. Nxg6 hxg6 23. Bg3 Re8 24. Bd3 Ne5 25. Bc2 Nhf7 26. Bf2 Ng5 27. Kg2 Nc4 28.
Qd3 Qf6 29. Nc3 Ne3+ 0-1

[Event "IX Torneo Leonardo di Bona A"]
[Site "Cutro ITA"]
[Date "2003.04.28"]
[Round "6"]
[White "Korneev, Oleg"]
[Black "Oratovsky, Michael"]
[Result "1-0"]
[WhiteElo "2606"]
[BlackElo "2587"]
[PlyCount "58"]
[EventDate "2003.04.23"]

1. e4 e5 2. Nf3 Nf6 3. d4 Nxe4 4. Bd3 d5 5. Nxe5 Nd7 6. Nxd7 Bxd7 7. O-O Bd6 8.
c4 c6 9. cxd5 cxd5 10. Nc3 Nxc3 11. bxc3 O-O 12. Qh5 f5 13. Qf3 Kh8 14. Bf4
Bxf4 15. Qxf4 Qa5 16. Rfc1 Bb5 17. Bxb5 Qxb5 18. Re1 Rae8 19. Re5 Qb2 20. Rae1
Rxe5 21. dxe5 Qxc3 22. Rc1 g5 23. Rxc3 gxf4 24. Rc5 Rd8 25. Kf1 Kg8 26. Rc7 d4
27. Rxb7 d3 28. Ke1 Rd5 29. Re7 29... Ra5 $139 1-0

[Event "IX Torneo Leonardo di Bona A"]
[Site "Cutro ITA"]
[Date "2003.04.28"]
[Round "6"]
[White "Miladinovic, Igor"]
[Black "Zelcic, Robert"]
[Result "0-1"]
[WhiteElo "2533"]
[BlackElo "2540"]
[PlyCount "100"]
[EventDate "2003.04.23"]

1. d4 Nf6 2. Bg5 e6 3. e3 h6 4. Bh4 c5 5. c3 b6 6. Nd2 Bb7 7. Ngf3 Be7 8. Bd3
O-O 9. Bxf6 Bxf6 10. Qe2 cxd4 11. exd4 d6 12. O-O-O g6 13. h4 Bg7 14. Ne4 Bxe4
15. Bxe4 d5 16. Bc2 Nd7 17. Rde1 a6 18. Rh3 Qc7 19. Kb1 b5 20. Rg3 Rfe8 21. h5
g5 22. Ne5 Nxe5 23. dxe5 Qc4 24. Bd3 Qc5 25. Rf1 d4 26. f4 dxc3 27. Be4 Rac8
28. Rxc3 Qe7 29. Rcf3 Red8 30. Bc2 Qb4 31. a3 Rd2 32. axb4 Rxe2 33. Rc1 Rc4 34.
g3 Rd2 35. b3 Rxb4 36. Rc3 Rbd4 37. Rc8+ Rd8 38. Be4 Bf8 39. Rxd8 Rxd8 40. Bb7
a5 41. Ba6 Rd3 42. b4 axb4 43. Bxb5 Rxg3 44. f5 Rb3+ 45. Ka2 Ra3+ 46. Kb2 Ra5
47. Bd7 Rxe5 48. fxe6 fxe6 49. Be8 Bc5 50. Bg6 g4 0-1

[Event "IX Torneo Leonardo di Bona A"]
[Site "Cutro ITA"]
[Date "2003.04.28"]
[Round "6"]
[White "Mrdja, Milan"]
[Black "Abatino, Maurizio"]
[Result "1-0"]
[WhiteElo "2353"]
[BlackElo "2228"]
[PlyCount "83"]
[EventDate "2003.04.23"]

1. e4 e6 2. d4 d5 3. Nc3 Bb4 4. e5 c5 5. a3 Bxc3+ 6. bxc3 Qc7 7. Nf3 Nc6 8. Be2
Nge7 9. O-O Bd7 10. a4 f6 11. Re1 O-O-O 12. Bf1 Ng6 13. Bd3 fxe5 14. Bxg6 hxg6
15. Nxe5 Nxe5 16. Rxe5 Rdf8 17. Be3 Rf5 18. f4 c4 19. a5 Rfh5 20. h3 Qd8 21.
Qd2 Qf6 22. Rf1 Qd8 23. Ra1 Qf6 24. Rg5 Rh4 25. Rf1 Ba4 26. Qc1 R4h6 27. Qb2
Re8 28. Rf2 Qe7 29. Rf3 Qd7 30. Rfg3 Qb5 31. Qxb5 Bxb5 32. Re5 Ba4 33. f5 Rh5
34. fxg6 Rf5 35. Rxf5 exf5 36. Bf4 Bxc2 37. Be5 Re7 38. h4 Bd1 39. Rg5 Bg4 40.
h5 Rxe5 41. dxe5 d4 42. Rxg4 1-0

[Event "IX Torneo Leonardo di Bona A"]
[Site "Cutro ITA"]
[Date "2003.04.28"]
[Round "6"]
[White "Naumkin, Igor"]
[Black "Collas, Didier"]
[Result "1/2-1/2"]
[WhiteElo "2431"]
[BlackElo "2424"]
[PlyCount "38"]
[EventDate "2003.04.23"]

1. d4 d5 2. c4 e6 3. Nf3 Nf6 4. Nc3 c6 5. Bg5 dxc4 6. e4 b5 7. a4 Bb4 8. e5 h6
9. exf6 hxg5 10. fxg7 Rg8 11. h4 gxh4 12. Rxh4 Qf6 13. g3 Nd7 14. Bg2 Bb7 15.
Kf1 Bxc3 16. bxc3 a6 17. Nd2 O-O-O 18. axb5 axb5 19. Rh5 Qxg7 1/2-1/2

[Event "IX Torneo Leonardo di Bona A"]
[Site "Cutro ITA"]
[Date "2003.04.28"]
[Round "6"]
[White "Ninov, Nikolai Ivanov"]
[Black "Georgiev, Vladimir"]
[Result "0-1"]
[WhiteElo "2454"]
[BlackElo "2552"]
[PlyCount "62"]
[EventDate "2003.04.23"]

1. e4 c5 2. Nf3 a6 3. c4 e6 4. Nc3 Qc7 5. d4 cxd4 6. Nxd4 Nf6 7. Be3 Bb4 8. Qb3
Bc5 9. Be2 b6 10. Rd1 Nc6 11. O-O Bb7 12. Qc2 O-O 13. a3 Rac8 14. b4 Bxd4 15.
Bxd4 Nxd4 16. Rxd4 d5 17. exd5 exd5 18. Qd3 dxc4 19. Qf5 b5 20. a4 bxa4 21.
Bxc4 Rfd8 22. Rxd8+ Rxd8 23. Qc5 Qxc5 24. bxc5 Rd4 25. Be2 Kf8 26. Rb1 Ne4 27.
Rxb7 Nxc3 28. c6 Nxe2+ 29. Kf1 Nc3 30. f3 Rc4 31. c7 a3 0-1

[Event "IX Torneo Leonardo di Bona A"]
[Site "Cutro ITA"]
[Date "2003.04.28"]
[Round "6"]
[White "Palac, Mladen"]
[Black "Calzetta Ruiz, Monica"]
[Result "1-0"]
[WhiteElo "2587"]
[BlackElo "2253"]
[PlyCount "71"]
[EventDate "2003.04.23"]

1. Nf3 c5 2. c4 g6 3. d4 cxd4 4. Nxd4 Nf6 5. Nc3 Nc6 6. e4 Bg7 7. Be3 O-O 8.
Be2 b6 9. O-O Bb7 10. Nb3 Rc8 11. Rc1 Ne5 12. Nd2 d6 13. f4 Ned7 14. Bf3 a6 15.
Qe2 e6 16. g4 Ne8 17. g5 Bc6 18. h4 b5 19. cxb5 axb5 20. Nxb5 Bxb2 21. Rc2 Bxb5
22. Rxc8 Qxc8 23. Qxb5 Bg7 24. Nb3 h6 25. Rc1 Qd8 26. Qb7 Nc5 27. Nxc5 dxc5 28.
e5 hxg5 29. hxg5 Nc7 30. Rxc5 Nd5 31. Bxd5 exd5 32. Rxd5 Qe8 33. Qd7 Qa8 34. e6
fxe6 35. Qxe6+ Kh7 36. Rd2 1-0

[Event "IX Torneo Leonardo di Bona A"]
[Site "Cutro ITA"]
[Date "2003.04.28"]
[Round "6"]
[White "Scerbo, Antonio"]
[Black "Chatalbashev, Boris"]
[Result "0-1"]
[WhiteElo "2092"]
[BlackElo "2525"]
[PlyCount "54"]
[EventDate "2003.04.23"]

1. d4 d5 2. c4 dxc4 3. Nf3 c6 4. a4 Nf6 5. Nc3 g6 6. e3 Bg7 7. Bxc4 O-O 8. O-O
a5 9. Qe2 Bg4 10. Rd1 Na6 11. e4 Nb4 12. Bb3 Nd7 13. Be3 e5 14. d5 Qe7 15. Rac1
Rad8 16. dxc6 bxc6 17. Nb1 Kh8 18. Bd2 f5 19. Bxb4 Qxb4 20. Nbd2 Nc5 21. Qe3
Bxf3 22. gxf3 Nd3 23. Rc3 Nf4 24. Rc4 Qe7 25. Kh1 Rd3 26. Qe1 Rfd8 27. Rcc1 Qg5
0-1

[Event "IX Torneo Leonardo di Bona A"]
[Site "Cutro ITA"]
[Date "2003.04.28"]
[Round "6"]
[White "Stefanova, Antoaneta"]
[Black "Drasko, Milan"]
[Result "1/2-1/2"]
[WhiteElo "2550"]
[BlackElo "2491"]
[PlyCount "46"]
[EventDate "2003.04.23"]

1. Nf3 d5 2. g3 c6 3. Bg2 Bg4 4. O-O Nd7 5. d3 e6 6. Qe1 Bd6 7. e4 Ne7 8. Nbd2
O-O 9. b3 a5 10. a3 e5 11. Bb2 Re8 12. Nh4 Qc7 13. exd5 cxd5 14. c4 Nc5 15.
cxd5 Nf5 16. Nhf3 Nd4 17. Nxd4 exd4 18. Qb1 Re2 19. Qd1 Nxb3 20. Qxb3 Rxd2 21.
Bxd4 a4 22. Qb5 Bd7 23. Qb1 Rc8 1/2-1/2

[Event "IX Torneo Leonardo di Bona A"]
[Site "Cutro ITA"]
[Date "2003.04.28"]
[Round "6"]
[White "Voiska, Margarita"]
[Black "Gangemi, Salvatore"]
[Result "1-0"]
[WhiteElo "2354"]
[BlackElo "2049"]
[PlyCount "55"]
[EventDate "2003.04.23"]

1. c4 Nf6 2. g3 e5 3. Bg2 c6 4. d4 exd4 5. Qxd4 Qa5+ 6. Bd2 Qc5 7. Nf3 Qxd4 8.
Nxd4 g6 9. Nc3 Na6 10. O-O Bg7 11. Rad1 O-O 12. Bf4 Re8 13. e4 Nc5 14. Rfe1 a5
15. Bd6 Bf8 16. Bxf8 Kxf8 17. Nb3 Nxb3 18. axb3 Rb8 19. e5 Ng8 20. f4 f6 21.
Ne4 fxe5 22. Nd6 Re7 23. Rxe5 Rxe5 24. fxe5 Ke7 25. Bh3 Kf8 26. Rf1+ Kg7 27.
Rf7+ Kh6 28. Rf8 1-0

[Event "IX Torneo Leonardo di Bona A"]
[Site "Cutro ITA"]
[Date "2003.04.29"]
[Round "7"]
[White "Abatino, Maurizio"]
[Black "Voiska, Margarita"]
[Result "1/2-1/2"]
[WhiteElo "2228"]
[BlackElo "2354"]
[PlyCount "48"]
[EventDate "2003.04.23"]

1. d4 c5 2. e3 g6 3. c4 Bg7 4. Nc3 Nf6 5. Nf3 O-O 6. Be2 d6 7. O-O Nc6 8. d5
Na5 9. h3 a6 10. e4 b5 11. cxb5 axb5 12. Bxb5 Ba6 13. Bxa6 Rxa6 14. Qe2 Rb6 15.
Rd1 Nd7 16. Ne1 Qa8 17. Nc2 Rfb8 18. Na3 Rb4 19. Rd2 c4 20. Rc2 Nc5 21. Nd1 Ra4
22. Nc3 Rab4 23. Nd1 Ra4 24. Nc3 Rab4 1/2-1/2